000 01376nam a22004097a 4500
003 CHAP
005 20220329133738.0
008 971013s1981 r 00010 d
010 _a10261
011 _a11233
035 _a10471
040 _cCHAP
090 _aTesis
100 0 0 _aChacón Martínez, Roberto.
_921703
245 _aEvaluación de praderas de gramíneas de clima templado bajo pastoreo con becerras Holstein
260 _aChapingo, Méx. :
_bEl autor,
_c1981
300 _a58 h
502 _aTesis (M.C. Esp. en Ganadería) -- C.P. Centro de Ganadería
590 _aALEPH
_b10
_c20130110
_lUCH01
_h1227
590 _aBATCH-UPD
_b10
_c20130110
_lUCH01
_h0158
590 _aBATCH-UPD
_b10
_c20130110
_lUCH01
_h0846
590 _aBATCH-UPD
_b10
_c20130409
_lUCH01
_h2203
590 _aBATCH-UPD
_b10
_c20130914
_lUCH01
_h0917
590 _aCONVERSION
_b10
_c20130109
_lUCH01
_h1307
650 1 4 _aDactylis glomerata.
_930865
650 1 4 _aGanado Holstein.
_945133
650 1 4 _aGanado vacuno
_xPastoreo.
_945502
650 1 4 _aLolium multiflorum.
_967504
650 1 4 _aLolium perenne.
_967505
650 1 4 _aPastos forrajeros.
_986094
650 1 4 _aPastos
_xRendimiento.
_986076
901 _aBK
942 _cFOLL
949 _bBC
_cTES
_d-22094
_eTS1
_i10471
_si
949 _bBC
_cTES
_d-22095
_eTS2
_fc.2
_i10471
_si
949 _bBC
_cTES
_d-22096
_eTS2
_fc.3
_i10471
_si
999 _c10261
_d10261